000 00599cam a2200193 4500500
005 20260329004933.0
041 _afre
042 _adc
100 1 0 _aMorel, François
_eauthor
245 0 0 _aConseil n° 11. Arrêtez de vous tâter !
260 _c2021.
500 _a31
690 _aÉlections présidentielles
690 _aFrançois Morel
690 _aHumour
690 _aPrésident
786 0 _nPhilosophie magazine | 152 | 9 | 2021-09-01 | p. 88-88 | 1951-1787
856 4 1 _uhttps://shs.cairn.info/magazine-philosophie-magazine-2021-9-page-88?lang=fr&redirect-ssocas=7080
999 _c1838726
_d1838726